Witnesses in Phoenix Wright: Ace Attorney - Statistics

General Stats
  • This quiz has been taken 277 times
    152 since last reset
  • The average score is 17 of 20
Answer Stats
Case Answer % Correct
Turnabout Sisters Redd White
94%
Turnabout Sisters April May
91%
Turnabout Goodbyes Lotta Hart
91%
Turnabout Samurai Wendy Oldbag
91%
Turnabout Sisters Dick Gumshoe
87%
The First Turnabout Frank Sahwit
87%
Rise From The Ashes Damon Gant
85%
Rise From The Ashes Lana Skye
85%
Turnabout Goodbyes Larry Butz
85%
Rise From The Ashes Ema Skye
84%
Turnabout Goodbyes Yanni Yogi
84%
Turnabout Sisters Bellboy
83%
Turnabout Samurai Dee Vasquez
83%
Turnabout Goodbyes Miles Edgeworth
83%
Turnabout Goodbyes Polly
83%
Rise From The Ashes Angel Starr
81%
Turnabout Samurai Cody Hackins
78%
Rise From The Ashes Jake Marshall
77%
Turnabout Samurai Sal Manella
73%
Rise From The Ashes Mike Meekins
69%
No matching quizzes found
Score Distribution
Percent of People with Each Score
Percentile by Number Answered
Your Score History
You have not taken this quiz since the last reset